A basic guide to horse care and management /

Bibliographic Details
Main Author: Mills, Bruce
Other Authors: Carne, Barbara
Format: Book
Language:English
Published: New York, N.Y. : Howell Book House, [1988]
Subjects:

MARC

Tag First Indicator Second Indicator Subfields
LEADER 00000cam a2200000 a 4500
001 in00000034300
005 20151007060645.0
008 880201s1988 nyua 00110 eng
010 |a  88002949  
020 |a 0876058713 
035 |a (OCoLC)17507227 
035 |9 AAC1383AM 
040 |a DLC  |c DLC  |d TXA  |d UtOrBLW 
049 |a TXAM  |c [A11091150] 
050 0 0 |a SF285  |b .M67 1988 
082 0 |a 636.1  |2 19 
100 1 |a Mills, Bruce. 
245 1 2 |a A basic guide to horse care and management /  |c Bruce Mills and Barbara Carne. 
264 1 |a New York, N.Y. :  |b Howell Book House,  |c [1988] 
264 4 |c ©1988 
300 |a 296 pages :  |b illustrations ;  |c 24 cm. 
336 |a text  |b txt  |2 rdacontent 
337 |a unmediated  |b n  |2 rdamedia 
338 |a volume  |b nc  |2 rdacarrier 
500 |a Includes index. 
650 0 |a Horses. 
650 0 |a Horsemanship. 
700 1 |a Carne, Barbara. 
740 0 |a Horse care and management. 
999 |a MARS 
999 f f |s 8ce642c1-e979-3a67-8a80-c4eb0dcda3a9  |i 3fc7bb2a-d8f6-3350-b058-83910984daa6  |t 0 
952 f f |p ric  |a Texas A&M University  |b Rellis Campus  |c Joint Library Facility  |s JLF  |d Remote Storage  |t 0  |e SF285 .M67 1988  |h Library of Congress classification  |i unmediated -- volume  |m A14811091150 
998 f f |a SF285 .M67 1988  |t 0  |l Remote Storage